书目信息 |
| 题名: |
技术创新及其知识产权保护
|
|
| 作者: | 刘二中 编著 | |
| 分册: | ||
| 出版信息: | 合肥 中国科学技术大学出版社 |
|
| 页数: | 277页 | |
| 开本: | 32开 | |
| 丛书名: | ||
| 单 册: | ||
| 中图分类: | D923.4 | |
| 科图分类: | ||
| 主题词: | 法律--中国 | |
| 电子资源: | ||
| ISBN: | 3-120-01083-9 | |
| 000 | 00613nam0 2200205 45 | |
| 001 | 0008081504 | |
| 005 | 20120323152642.84 | |
| 010 | @a3-120-01083-9@d12.00元 | |
| 100 | @a20000808d km y0chiy0120 ea | |
| 101 | 0 | @achi |
| 102 | @aCN@b340000 | |
| 105 | @a z 000yy | |
| 200 | 1 | @a技术创新及其知识产权保护@AJi Shu Chuang Xin Ji Qi Zhi Shi Chan Quan Bao Hu@f刘二中 编著@FLiu Er Zhong Bian Zhu |
| 210 | @a合肥@c中国科学技术大学出版社@d | |
| 215 | @a277页@d32开 | |
| 606 | 0 | @a法律@x中国 |
| 690 | @aD923.4@v3 | |
| 701 | 0 | @a刘二中@4编著 |
| 801 | @aCN@bPftUser@c20000808 | |
| 905 | @b93279-281@dD923.4@eL963@f3 | |
| 技术创新及其知识产权保护/刘二中 编著.-合肥:中国科学技术大学出版社 |
| 277页;32开 |
| ISBN 3-120-01083-9:12.00元 |
| ● |
| 相关链接 |
|
|
|
正题名:技术创新及其知识产权保护
索取号:D923.4/L963
 
预约/预借
| 序号 | 登录号 | 条形码 | 馆藏地/架位号 | 状态 | 备注 |
| 1 | 93279 | 200932795 | 社科库509/509社科库 92排4列3层/ [索取号:D923.4/L963] | 在馆 | |
| 2 | 93280 | 200932802 | 社科库509/509社科库 92排4列3层/ [索取号:D923.4/L963] | 在馆 | |
| 3 | 93281 | 200932811 | 社科库509/422社科库 39排3列3层/ [索取号:D923.4/L963] | 在馆 |